[Event "Stare Mesto op"]
[Site "Stare Mesto"]
[Date "2004.08.13"]
[Round "1"]
[White "Karlik, Vladimir"]
[Black "Czyrson, Krystian"]
[Result "1-0"]
[WhiteElo "2348"]
[BlackElo "1963"]
[PlyCount "35"]
[EventDate "2004.08.13"]
[EventType "swiss"]
[EventRounds "10"]
[EventCountry "CZE"]
[SourceTitle "EXT 2006"]
[Source "ChessBase"]
[SourceDate "2005.11.24"]
[SourceVersion "1"]
[SourceVersionDate "2005.11.24"]
[SourceQuality "1"]

1. d4 Nf6 2. Nf3 e6 3. Bg5 d5 4. Nbd2 Be7 5. e3 Nbd7 6. Bd3 0-0 7. c3 h6 8. Bf4 c5 9. h3 Qb6 10. Rb1 Bd6 11. Ne5 Ne8 12. Qg4 Ndf6 13. Qf3 Bd7 14. g4 cxd4 15. exd4 Bb5 16. Bc2 Nd7 17. a4 Ba6 18. Nxd7 1-0

[Event "Poznan op-B"]
[Site "Poznan"]
[Date "2004.07.19"]
[Round "4"]
[White "Piasecki, Piotr"]
[Black "Czyrson, Krystian"]
[Result "0-1"]
[WhiteElo "2036"]
[BlackElo "1963"]
[PlyCount "88"]
[EventDate "2004.07.17"]
[EventType "swiss"]
[EventRounds "9"]
[EventCountry "POL"]
[SourceTitle "EXT 2008"]
[Source "ChessBase"]
[SourceDate "2007.11.25"]
[SourceVersion "1"]
[SourceVersionDate "2007.11.25"]
[SourceQuality "1"]

1. c4 e5 2. Nc3 g6 3. g3 Bg7 4. Bg2 c6 5. e3 Nf6 6. d4 exd4 7. exd4 d5 8. cxd5 Nxd5 9. Nxd5 cxd5 10. Qb3 Bxd4 11. Bxd5 Qe7+ 12. Ne2 0-0 13. Qc4 Bg7 14. 0-0 Nd7 15. Be3 Ne5 16. Qb3 Bg4 17. f3 Be6 18. Bxe6 Qxe6 19. Qxe6 fxe6 20. Nf4 Nc4 21. Bc5 Rfe8 22. Rfe1 e5 23. Nd3 Rad8 24. Rad1 b6 25. Bb4 e4 26. Rxe4 Rxe4 27. fxe4 Rd4 28. Bc3 Rxe4 29. Bxg7 Kxg7 30. b3 Ne3 31. Re1 Re7 32. h3 Kf6 33. Kf2 Nd5 34. Rxe7 Kxe7 35. Ne5 Kd6 36. Nc4+ Kc5 37. a3 Kd4 38. Nd6 a6 39. a4 Kc3 40. a5 b5 41. Nb7 Nc7 42. Kf3 Kxb3 43. Kg4 Ne6 44. h4 Ka4 0-1

[Event "Torun op"]
[Site "Torun"]
[Date "2002.??.??"]
[Round "6"]
[White "Czyrson, Krystian"]
[Black "Hetman, Radoslaw"]
[Result "0-1"]
[WhiteElo "2043"]
[BlackElo "2087"]
[PlyCount "76"]
[EventDate "2002.??.??"]
[EventType "swiss"]
[EventRounds "9"]
[EventCountry "POL"]
[SourceTitle "EXT 2007"]
[Source "ChessBase"]
[SourceDate "2006.11.23"]
[SourceVersion "1"]
[SourceVersionDate "2006.11.23"]
[SourceQuality "1"]

1. d4 d5 2. c4 e6 3. Nc3 Nf6 4. Bg5 Nbd7 5. e3 Be7 6. Bd3 0-0 7. Nf3 c6 8. 0-0 dxc4 9. Bxc4 Nd5 10. Bxe7 Qxe7 11. e4 Nxc3 12. bxc3 e5 13. Qc2 c5 14. Nxe5 Nxe5 15. dxe5 Qxe5 16. Bd5 Qe7 17. Rad1 Be6 18. c4 Rad8 19. Rd2 Bxd5 20. cxd5 b6 21. f4 f6 22. Re1 Rfe8 23. e5 fxe5 24. fxe5 Qg5 25. Rde2 Kh8 26. Qa4 Qe7 27. d6 Qd7 28. Qc4 Qe6 29. Qa4 Rd7 30. Qc6 Red8 31. a4 Rf7 32. Qb5 Rdf8 33. h3 h6 34. a5 Rb8 35. Rd1 Rd7 36. Ra1 Kg8 37. Rc1 Rdd8 38. Ra1 Qd5 0-1